| 000 | 00602nam a2200193 a 4500 | ||
|---|---|---|---|
| 001 | 000018906 | ||
| 005 | 20200929165859.0 | ||
| 008 | 100520nuuuu pr 000 p spa d | ||
| 040 |
_aDO-SdBNP _bspa _cBNPHU |
||
| 082 |
_aPR861.42 _bA958n |
||
| 100 | 1 |
_aÁvila Justiniano, Pedro Juan, _d1941- _940695 |
|
| 245 | 1 | 3 |
_aLa noche desvelada / _cPedro Juan Ávila Justiniano. |
| 260 |
_aPuerto Rico : _bÚltimo Arcano, _cuuuu. |
||
| 300 |
_a70, [2] p. ; _c23 cm. |
||
| 650 | 4 |
_aPoesía puertorriqueña _91015 |
|
| 650 | 4 |
_aLiteratura puertorriqueña _9250 |
|
| 910 | _aCatalogación original | ||
| 049 | _aBNGR | ||
| 999 |
_c18424 _d18424 |
||